Φορτώνει......

Natyasastram /

Λεπτομέρειες βιβλιογραφικής εγγραφής
Κύριος συγγραφέας: Bharatamuni
Άλλοι συγγραφείς: Narayanapisharoti, K. P.
Μορφή: Printed Book
Γλώσσα:English
Έκδοση: Thrissur: Kerala Sahitya Akademi, c2014.
Έκδοση:4th ed.
Θέματα:
LEADER 01011 a2200217 4500
008 150103s9999 000 0 eng
020 |a 9788176903165 
082 |a 891.2209  
100 |a Bharatamuni 
245 |a Natyasastram / 
250 |a 4th ed. 
260 |a Thrissur:  |b Kerala Sahitya Akademi,  |c c2014. 
300 |a 662 p. 
650 |a Sanskrit drama 
653 |a Natyasastra 
700 |a Narayanapisharoti, K. P. 
942 |c BK 
999 |c 307853  |d 307853 
952 |0 0  |1 0  |2 ddc  |4 0  |6 M_891_220900000000000_BHA_NA_2  |7 0  |9 353296  |a DRA  |b DRA  |c ST1  |d 2016-04-29  |h vol.2  |i 9267  |l 6  |m 1  |o M 891.2209 BHA/NA.2  |p DRA9267  |r 2021-11-24  |s 2021-09-15  |v 425.00  |w 2016-04-29  |y BK 
952 |0 0  |1 0  |2 ddc  |4 0  |6 M_891_220900000000000_BHA_NA_2  |7 0  |9 353297  |a DRA  |b DRA  |c ST1  |d 2016-04-29  |i 9269  |l 4  |o M 891.2209 BHA/NA.2  |p DRA9269  |r 2019-11-18  |s 2019-07-23  |v 425.00  |w 2016-04-29  |y BK 
952 |0 0  |1 0  |2 ddc  |4 0  |6 891_220900000000000_BHA_NA_2  |7 0  |9 353298  |a DRA  |b DRA  |c ST1  |d 2018-01-17  |h vol.2  |i 10219  |l 0  |o 891.2209 BHA/NA.2  |p DRA10219  |r 2019-01-03  |v 425.00  |w 2019-01-03  |y BK